| 000 | 00753nam a2200277 4500 | ||
|---|---|---|---|
| 001 | 28893 | ||
| 003 | BD-RjUL | ||
| 005 | 20211209051338.0 | ||
| 008 | 140401s1969 enk b 000 0 eng | ||
| 020 | _a0710062303 | ||
| 035 | _a(BD-RjUL)28977 | ||
| 040 |
_aDLC _cDLC _dBD-RjUL _beng |
||
| 041 | _aeng | ||
| 082 | 0 | 0 |
_a160 _bPRL 1969 |
| 100 | 1 |
_aPrzelecki, Marian. _988336 |
|
| 245 | 1 | 4 |
_aThe logic of empirical theories / _cMarian Przelecki |
| 260 |
_aLondon : _bRoutledge & K. Paul, _cc1969. |
||
| 300 |
_av, 108 p. ; _c19 cm. |
||
| 490 | 0 | _aMonographs in modern logic series | |
| 504 | _aInclude bibliography. | ||
| 650 | 0 |
_aLogic. _988337 |
|
| 650 | 0 |
_aEmpiricism. _988338 |
|
| 942 |
_2ddc _cBK |
||
| 999 |
_c28893 _d28893 |
||